000
00218 a2200097 4500
020
_a
013429907133
041
_a
spa
100
_a
Jennyfer Moore mallinos
245
_a
Cuando mis padres dejaron de ser Amigos
942
_c
K
999
_c
30484
_d
30482